Statistics for Most Welcoming Countries

Click here to take the quiz!

General Stats

  • This quiz has been taken 179 times
  • The average score is 13 of 23

Answer Stats

# passports acceptedCountry% Correct
198Tuvalu
69%
198Nigeria
68%
198Rwanda
67%
198Ethiopia
66%
198Seychelles
65%
198Lesotho
63%
198Madagascar
63%
198Malawi
63%
198Somalia
63%
198Bolivia
62%
198Micronesia
62%
198Mozambique
62%
198Gabon
61%
198Samoa
61%
198Guinea
60%
198Comoros
56%
198Djibouti
56%
198Guinea-Bissau
56%
198Maldives
54%
198Ivory Coast
49%
198Cambodia
44%
198East Timor
43%
198Qatar
35%

Score Distribution

Percentile by Number Answered

Percent of People with Each Score

Your Score History

You have not taken this quiz